[Event "Titled Tuesday intern op 16th Apr Early"]
[Site "Chess.com INT"]
[Date "2024.04.16"]
[Round "4"]
[White "Francisco, Richard"]
[Black "Aansh, Nandan Nerurkar"]
[Result "1/2-1/2"]
[WhiteElo "2194"]
[BlackElo "2236"]
[PlyCount "82"]
[EventDate "2024.04.16"]
[EventType "swiss (blitz)"]
[EventRounds "11"]
[EventCountry "USA"]
[SourceTitle "CB17_2024"]
[SourceDate "2024.04.24"]
[SourceVersion "1"]
[SourceVersionDate "2024.04.24"]
[SourceQuality "1"]

1. e4 c5 2. Nf3 d6 3. d4 cxd4 4. Nxd4 Nf6 5. Nc3 g6 6. Be3 Bg7 7. f3 0-0 8. Qd2 Nc6 9. 0-0-0 Nxd4 10. Bxd4 Be6 11. g4 Qa5 12. a3 Rfc8 13. Kb1 Rab8 14. Bxf6 Bxf6 15. Nd5 Qxd2 16. Nxf6+ Kg7 17. Rxd2 Kxf6 18. h4 Ke5 19. Be2 b5 20. b4 a6 21. Kb2 Rc7 22. Bd3 Rbc8 23. h5 g5 24. h6 f6 25. Rc1 Bc4 26. c3 Kf4 27. Bxc4 Rxc4 28. Rd3 Rg8 29. Rh1 a5 30. Rh3 axb4 31. axb4 Ra8 32. Rd5 Rb8 33. Kc2 Rbc8 34. Kd2 e6 35. Rxd6 Rxc3 36. Rxe6 Rc2+ 37. Kd3 R2c3+ 38. Kd4 R3c4+ 39. Kd3 Rc3+ 40. Kd2 Rc2+ 41. Kd3 R2c3+ 1/2-1/2

[Event "Prague Futures 6th"]
[Site "Prague"]
[Date "2024.02.27"]
[Round "1"]
[White "Aansh, Nandan Nerurkar"]
[Black "Guntaka, Aayansh R"]
[Result "1-0"]
[WhiteElo "1786"]
[BlackElo "1767"]
[PlyCount "153"]
[EventDate "2024.02.27"]
[EventType "tourn"]
[EventRounds "9"]
[EventCountry "CZE"]
[SourceTitle "CB11_2024"]
[SourceDate "2024.03.13"]
[SourceVersion "1"]
[SourceVersionDate "2024.03.13"]
[SourceQuality "1"]

1. e4 c5 2. Nf3 Nc6 3. Bb5 g6 4. 0-0 Bg7 5. c3 Nf6 6. Re1 0-0 7. d4 d5 8. e5 Ne4 9. Be3 Qb6 10. Bxc6 bxc6 11. Qc1 cxd4 12. cxd4 Bd7 13. Nc3 Nxc3 14. Qxc3 Bg4 15. Nd2 f6 16. Bf4 Rac8 17. Nb3 fxe5 18. Bxe5 Rf7 19. f3 Bf5 20. Nc5 Rcf8 21. Bxg7 Kxg7 22. Re5 Rb8 23. b3 Qb4 24. Qe3 Re8 25. Re1 h5 26. h4 e6 27. Kh2 Qb8 28. Qg5 Qd6 29. Kg1 Kh7 30. R1e2 Ree7 31. Re1 Re8 32. Rf1 Qe7 33. g4 hxg4 34. fxg4 Be4 35. Qxe7 Rfxe7 36. Nxe4 dxe4 37. Rxe4 Kg7 38. Rc1 Rc8 39. Kf2 Kf6 40. Ke3 Rh7 41. g5+ Ke7 42. d5 Kd6 43. dxe6 Re7 44. Rd1+ Kc7 45. Rf1 Kd6 46. Rf7 Rxe6 47. Rxe6+ Kxe6 48. Rf6+ Ke5 49. Rxg6 Kf5 50. Rg7 Re8+ 51. Kd4 Re2 52. Rxa7 Rh2 53. Kc5 Rxh4 54. Kxc6 Kxg5 55. Kc5 Kf6 56. b4 Ke6 57. b5 Rh5+ 58. Kc6 Rh2 59. a4 Rc2+ 60. Kb6 Kd6 61. a5 Rc8 62. Rb7 Ra8 63. a6 Kd5 64. a7 Kc4 65. Rb8 Rxa7 66. Kxa7 Kc5 67. b6 Kc6 68. Rc8+ Kd7 69. b7 Kd6 70. b8Q+ Kd5 71. Qc7 Kd4 72. Rd8+ Ke4 73. Qe7+ Kf5 74. Rf8+ Kg6 75. Qf6+ Kh5 76. Qg7 Kh4 77. Rh8# 1-0

[Event "Belgrade Radnicki Schev 02"]
[Site "Belgrade"]
[Date "2024.02.26"]
[Round "9.2"]
[White "Aansh, Nandan Nerurkar"]
[Black "Zmijanac, Dusko"]
[Result "1/2-1/2"]
[WhiteElo "1786"]
[BlackElo "1945"]
[PlyCount "64"]
[EventDate "2024.02.22"]
[EventType "schev"]
[EventRounds "10"]
[EventCountry "SRB"]
[SourceTitle "CB10_2024"]
[SourceDate "2024.03.06"]
[SourceVersion "1"]
[SourceVersionDate "2024.03.06"]
[SourceQuality "1"]
[WhiteTeam "Team A"]
[BlackTeam "Team B"]
[WhiteTeamCountry "SRB"]
[BlackTeamCountry "SRB"]

1. e4 c5 2. Nf3 e6 3. g3 a6 4. Bg2 b5 5. 0-0 Bb7 6. Re1 d6 7. d4 Nd7 8. a4 Ngf6 9. e5 dxe5 10. dxe5 Nd5 11. axb5 axb5 12. Rxa8 Qxa8 13. Na3 Bc6 14. c4 bxc4 15. Nxc4 Be7 16. Bg5 0-0 17. Bxe7 Nxe7 18. Nh4 Nd5 19. Qa1 Nb4 20. Qxa8 Rxa8 21. Bxc6 Nxc6 22. Nf3 Ra4 23. b3 Rb4 24. Rd1 Ndb8 25. Nfd2 h6 26. f4 Nd4 27. Rb1 Nbc6 28. Kf2 Ne7 29. Ke3 Nd5+ 30. Kd3 Rb8 31. Ne3 Rb5 32. Ndc4 Rb8 1/2-1/2

[Event "Belgrade Radnicki Schev 02"]
[Site "Belgrade"]
[Date "2024.02.22"]
[Round "1.2"]
[White "Aansh, Nandan Nerurkar"]
[Black "Pucarevic, Milenko"]
[Result "1-0"]
[WhiteElo "1786"]
[BlackElo "2020"]
[PlyCount "67"]
[EventDate "2024.02.22"]
[EventType "schev"]
[EventRounds "10"]
[EventCountry "SRB"]
[SourceTitle "CB10_2024"]
[SourceDate "2024.03.06"]
[SourceVersion "1"]
[SourceVersionDate "2024.03.06"]
[SourceQuality "1"]
[WhiteTeam "Team A"]
[BlackTeam "Team B"]
[WhiteTeamCountry "SRB"]
[BlackTeamCountry "SRB"]

1. e4 e5 2. Nf3 Nc6 3. Bc4 Nf6 4. Ng5 d5 5. exd5 Na5 6. Bb5+ c6 7. dxc6 bxc6 8. Bd3 h6 9. Ne4 Nd5 10. 0-0 Be7 11. Ng3 0-0 12. Bf5 Ba6 13. d3 Nb7 14. Re1 Bf6 15. Ne4 Nd6 16. Nxd6 Qxd6 17. Nd2 Bd8 18. Nc4 Qf6 19. Bg4 Bc7 20. Qf3 Rfe8 21. Bd7 Qg6 22. Bxe8 Rxe8 23. b3 Bb7 24. Qg3 Qh5 25. Bb2 f6 26. h3 Bc8 27. Ba3 Rd8 28. Bc5 Nf4 29. Kf1 e4 30. Bd6 Bxd6 31. Nxd6 Rxd6 32. Qxf4 Rd8 33. Rxe4 Bxh3 34. Qh4 1-0

[Event "Mumbai Transganization op"]
[Site "Mumbai"]
[Date "2024.01.28"]
[Round "8"]
[White "Darsh, Shetty"]
[Black "Aansh, Nandan Nerurkar"]
[Result "1/2-1/2"]
[WhiteElo "1702"]
[BlackElo "1891"]
[PlyCount "72"]
[EventDate "2024.01.25"]
[EventType "swiss"]
[EventRounds "8"]
[EventCountry "IND"]
[SourceTitle "CB06_2024"]
[SourceDate "2024.02.07"]
[SourceVersion "1"]
[SourceVersionDate "2024.02.07"]
[SourceQuality "1"]

1. e4 c5 2. Nf3 d6 3. d4 cxd4 4. Nxd4 Nf6 5. Nc3 g6 6. Be3 Bg7 7. f3 0-0 8. Qd2 Nc6 9. Bc4 Bd7 10. 0-0-0 Ne5 11. Be2 Rc8 12. Kb1 Nc4 13. Bxc4 Rxc4 14. g4 b5 15. h4 b4 16. Nd5 Nxd5 17. exd5 Qc7 18. h5 Rc8 19. hxg6 fxg6 20. Qh2 h5 21. gxh5 Bf5 22. Nxf5 Rxc2 23. Nxg7 Rxh2 24. Rxh2 Kxg7 25. Bd4+ Kh7 26. Rg2 g5 27. Be3 Qd7 28. Rxg5 Rg8 29. Rxg8 Kxg8 30. Rg1+ Kh7 31. h6 Qf5+ 32. Ka1 Qxd5 33. Bc1 Qxf3 34. Rg7+ Kh8 35. Rxe7 Qf8 36. Rc7 Qd8 1/2-1/2

[Event "Bhubaneswar op-A 14th"]
[Site "Bhubaneswar"]
[Date "2023.06.13"]
[Round "3"]
[White "Kiran, Panditrao"]
[Black "Aansh, Nandan Nerurkar"]
[Result "0-1"]
[WhiteElo "1686"]
[BlackElo "1905"]
[PlyCount "110"]
[EventDate "2023.06.11"]
[EventType "swiss"]
[EventRounds "10"]
[EventCountry "IND"]
[SourceTitle "CBM 214 Extra"]
[Source "ChessBase"]
[SourceDate "2023.07.31"]
[SourceVersion "1"]
[SourceVersionDate "2023.07.31"]
[SourceQuality "1"]

1. e4 c5 2. Nf3 d6 3. d4 cxd4 4. Nxd4 Nf6 5. Nc3 g6 6. Be3 Bg7 7. f3 0-0 8. Qd2 Nc6 9. g4 Be6 10. h4 d5 11. g5 Nh5 12. 0-0-0 Nxd4 13. Bxd4 Bxd4 14. Qxd4 dxe4 15. fxe4 Qxd4 16. Rxd4 Rfd8 17. Rxd8+ Rxd8 18. Bg2 Bg4 19. Nd5 Kf8 20. b3 Be6 21. c4 Bxd5 22. exd5 Nf4 23. Bf3 b6 24. Kc2 e6 25. Rd1 exd5 26. cxd5 Ke7 27. Kc3 Rc8+ 28. Kd4 Kd6 29. Ke4 Nh3 30. Rd2 h5 31. Kd4 Rc1 32. Be4 Nf4 33. Ke3 Ke5 34. d6 Re1+ 35. Kf3 Rxe4 36. d7 Ne6 37. d8Q Nxd8 38. Rxd8 Rxh4 39. Rd7 Rf4+ 40. Ke3 Rf5 41. Rxa7 Kd5 42. a4 Rxg5 43. Rxf7 h4 44. Rh7 Rg3+ 45. Kf2 g5 46. Rg7 Kc5 47. Rg6 g4 48. Rg5+ Kc6 49. Rg6+ Kb7 50. b4 Rf3+ 51. Ke1 Rf4 52. Rg7+ Ka6 53. b5+ Ka5 54. Ra7+ Kb4 55. Rb7 g3 0-1

[Event "IND-ch U10"]
[Site "Jammu"]
[Date "2022.04.30"]
[Round "9"]
[White "Akhil, Prasad"]
[Black "Aansh, Nandan Nerurkar"]
[Result "0-1"]
[WhiteElo "1300"]
[BlackElo "1564"]
[PlyCount "144"]
[EventDate "2022.04.26"]
[EventType "swiss"]
[EventRounds "11"]
[EventCountry "IND"]
[SourceTitle "EXT 2023"]
[Source "ChessBase"]
[SourceDate "2022.10.05"]
[SourceVersion "1"]
[SourceVersionDate "2022.10.05"]
[SourceQuality "1"]

1. e4 c5 2. Nf3 d6 3. d4 cxd4 4. Nxd4 Nf6 5. Nc3 g6 6. Be3 Bg7 7. f3 0-0 8. Qd2 Nc6 9. Bc4 Bd7 10. 0-0-0 Ne5 11. Bb3 Rc8 12. h4 Nc4 13. Bxc4 Rxc4 14. h5 Nxh5 15. g4 Nf6 16. Nde2 Qa5 17. Bh6 Rfc8 18. Bxg7 Kxg7 19. Kb1 Kg8 20. Nd4 Rxc3 21. bxc3 Qxc3 22. Qxc3 Rxc3 23. Kb2 Rc4 24. Nb3 Be6 25. Rd4 Rc7 26. Rd3 Nd7 27. Rc3 Rxc3 28. Kxc3 Ne5 29. Nd2 f6 30. a3 d5 31. Kd4 dxe4 32. Kxe4 Bd7 33. Ke3 Bc6 34. Rh2 Kg7 35. c3 g5 36. Rh3 Kg6 37. Kd4 Nd7 38. Ne4 e6 39. Rh5 Bxe4 40. Kxe4 f5+ 41. Ke3 fxg4 42. fxg4 Nf6 43. Rh1 Nxg4+ 44. Kf3 Ne5+ 45. Ke4 Nc4 46. Kd3 Nd6 47. c4 b6 48. a4 Nb7 49. Kd4 Nc5 50. Rb1 Nd7 51. a5 h5 52. axb6 axb6 53. Re1 Kf7 54. Rf1+ Ke7 55. Rh1 h4 56. Rg1 Kf6 57. Rf1+ Kg6 58. Re1 e5+ 59. Kd5 g4 60. Kc6 g3 61. Kxd7 g2 62. Rb1 h3 63. Rxb6+ Kf5 64. Rb8 g1Q 65. Rf8+ Ke4 66. Kc6 h2 67. c5 h1Q 68. Kb6 Qh6+ 69. Rf6 Qxf6+ 70. Kb5 Qb1+ 71. Ka5 Qd8+ 72. Ka6 Qa8# 0-1

[Event "IND-ch U10"]
[Site "Jammu"]
[Date "2022.04.28"]
[Round "5"]
[White "Siddhanth, Poonja"]
[Black "Aansh, Nandan Nerurkar"]
[Result "1/2-1/2"]
[WhiteElo "1230"]
[BlackElo "1564"]
[PlyCount "126"]
[EventDate "2022.04.26"]
[EventType "swiss"]
[EventRounds "11"]
[EventCountry "IND"]
[SourceTitle "EXT 2023"]
[Source "ChessBase"]
[SourceDate "2022.10.05"]
[SourceVersion "1"]
[SourceVersionDate "2022.10.05"]
[SourceQuality "1"]

1. c4 e5 2. Nc3 Nc6 3. Nf3 f5 4. d3 Nf6 5. g3 Bb4 6. Bd2 0-0 7. Bg2 d6 8. 0-0 Qe8 9. a3 Bxc3 10. Bxc3 Qh5 11. e3 f4 12. Nd2 Qxd1 13. Raxd1 Bg4 14. Bf3 Bxf3 15. Nxf3 fxe3 16. fxe3 Ng4 17. Rde1 e4 18. dxe4 Rae8 19. e5 Ngxe5 20. Nxe5 Nxe5 21. Rxf8+ Kxf8 22. Bxe5 Rxe5 23. Kf2 Kf7 24. b4 a5 25. Rd1 Ke6 26. Kf3 Rf5+ 27. Ke2 b6 28. Rd4 axb4 29. axb4 Rf8 30. Re4+ Kd7 31. Rh4 h6 32. Rg4 g5 33. h4 Rg8 34. Kd3 Ke6 35. Re4+ Kf6 36. Rg4 Ra8 37. hxg5+ hxg5 38. Re4 c5 39. bxc5 bxc5 40. g4 Kf7 41. Kd2 Re8 42. Rxe8 Kxe8 43. e4 Ke7 44. Ke2 Ke6 45. Kd2 Kd7 46. Kd3 Kc6 47. Kc3 Kb6 48. Kb3 Kc6 49. Kc3 Kd7 50. Kd3 Ke6 51. Ke2 Kf6 52. Kf3 Ke6 53. Ke2 Kd7 54. Kd3 Ke6 55. Ke2 Kf6 56. Kf3 Ke6 57. Ke2 Ke5 58. Ke3 Ke6 59. Kf3 Kf6 60. Ke2 Ke7 61. Kf3 Kd7 62. Ke3 Ke6 63. Kd3 Kf6 1/2-1/2